Pensión de jubilación no contributiva carencia de rentas (Comentario a la STS Sala 4ª de 30 de abril de 2003) (Registro nro. 39353)
[ vista simple ]
| 000 -CABECERA | |
|---|---|
| Longitud fija campo de control | 01001naa a2200265 c 4500 |
| 001 - NÚMERO DE CONTROL | |
| Número de control | 39353 |
| 003 - IDENTIFICADOR DE NÚMERO DE CONTROL | |
| Identificador del número de control | ES-MaCES |
| 005 - FECHA Y HORA DE LA ÚLTIMA TRANSACCIÓN | |
| Fecha y hora de la última transacción | 20091019131100.0 |
| 008 - CAMPO FIJO DE DESCRIPCIÓN FIJA--INFORMACIÓN GENERAL | |
| Códigos de información de longitud fija | 091019n2009 sp t 000 | spa d |
| 035 ## - NÚMERO DE CONTROL DEL SISTEMA | |
| Número de control del sistema | CES20090007962v |
| 040 ## - FUENTE DE CATALOGACIÓN | |
| Centro catalogador de origen | ES-MaCES |
| Lengua de catalogación | spa |
| Centro transcriptor | ES-MaCES |
| 245 00 - MENCIÓN DE TÍTULO | |
| Título | Pensión de jubilación no contributiva carencia de rentas (Comentario a la STS Sala 4ª de 30 de abril de 2003) |
| 610 14 - ASIENTO SECUNDARIO DE MATERIA--NOMBRE CORPORATIVO | |
| Nombre de entidad corporativa o nombre de jurisdicción como elemento inicial | España |
| Título de la obra | Ley de medidas en materia de Seguridad Social |
| Fecha del congreso o de la firma de un tratado | 2007 |
| 9 (RLIN) | 2980 |
| 650 #4 - ASIENTO SECUNDARIO DE MATERIA--TÉRMINO DE MATERIA | |
| Término de materia o nombre geográfico como elemento inicial | España |
| 9 (RLIN) | 26964 |
| 650 #4 - ASIENTO SECUNDARIO DE MATERIA--TÉRMINO DE MATERIA | |
| Término de materia o nombre geográfico como elemento inicial | legislación de seguridad social |
| 9 (RLIN) | 29855 |
| 650 #4 - ASIENTO SECUNDARIO DE MATERIA--TÉRMINO DE MATERIA | |
| Término de materia o nombre geográfico como elemento inicial | convenio de seguridad social |
| 9 (RLIN) | 30151 |
| 650 #4 - ASIENTO SECUNDARIO DE MATERIA--TÉRMINO DE MATERIA | |
| Término de materia o nombre geográfico como elemento inicial | prestaciones no contributivas |
| 9 (RLIN) | 30900 |
| 650 #4 - ASIENTO SECUNDARIO DE MATERIA--TÉRMINO DE MATERIA | |
| Término de materia o nombre geográfico como elemento inicial | jubilación |
| 9 (RLIN) | 28360 |
| 650 #4 - ASIENTO SECUNDARIO DE MATERIA--TÉRMINO DE MATERIA | |
| Término de materia o nombre geográfico como elemento inicial | cotizaciones |
| 9 (RLIN) | 30106 |
| 653 10 - TÉRMINO DE INDEXACIÓN--NO CONTROLADO | |
| Término no controlado | Jurisprudencia |
| 773 0# - ENTRADA DE DOCUMENTO FUENTE | |
| Título | Actualidad laboral |
| Parte(s) relacionada(s) | n. 16 (2ª quinc. sept. 2009){10002 R. 074984}; p. 1888-1896 |
| Número de control del registro relacionado | (ES-MaCES)25022 |
| Itemnumber del ítem fuente | 29296 |
| 902 ## - CES. TIPO DE DOCUMENTO | |
| Tipodoc (006$c Sirtex) | ART Artículo de revista |
| 942 ## - ELEMENTOS KOHA | |
| Fuente de clasificaión o esquema | Clasificación propia del CES |
| Koha [por defecto] tipo de item | Artículos (1982-2017) |
| Parte de clasificación | 6.2. |
No hay ítems disponibles.
